| 000 | 01325cam a2200409 a 4500 | ||
|---|---|---|---|
| 999 |
_c219639 _d219639 |
||
| 001 | 15676112 | ||
| 003 | ASAB | ||
| 005 | 20170216101809.0 | ||
| 006 | m d | ||
| 007 | cr ||||||||||| | ||
| 008 | 050727s2006 enka s 001 0 eng d | ||
| 010 | _a 2009659296 | ||
| 015 |
_aGBA587675 _2bnb |
||
| 016 | 7 |
_a013315000 _2Uk |
|
| 020 | _a9786611064440 | ||
| 020 | _z0131968459 (Paper) | ||
| 020 | _z1405890185 (electronic bk.) | ||
| 035 | _a(UK-RwCLS)cis6511409 | ||
| 037 |
_a106444 _bMIL |
||
| 040 |
_aUK-RwCLS _cUK-RwCLS _dDLC |
||
| 042 | _alccopycat | ||
| 050 | 0 | 0 | _aQR181 |
| 082 | 0 | 4 |
_a616.07/9 _222 |
| 100 | 1 |
_aWood, Peter _q(Peter John), _d1952- |
|
| 245 | 1 | 0 |
_aUnderstanding immunology _h[electronic resource] / _cPeter Wood. |
| 250 | _a2nd ed. | ||
| 260 |
_aHarlow, England ; _aNew York : _bPearson Prentice Hall, _c2006. |
||
| 300 |
_a (xiv, 300 p. : _bill. (some col.)) |
||
| 500 | _aTitle from e-book title screen (viewed January 8, 2008). | ||
| 530 | _aAlso available in print. | ||
| 650 | 0 | _aImmunology. | |
| 650 | 1 | 2 | _aImmune System. |
| 650 | 1 | 2 | _aImmunity. |
| 776 | 0 |
_cOriginal _w(DLC) 2005051506 |
|
| 856 | 4 | 0 |
_zConnect to MyiLibrary resource _uhttp://www.myilibrary.com?id=106444 |
| 906 |
_a7 _bcbc _ccopycat _du _encip _f20 _gy-gencatlg |
||
| 942 |
_2ddc _cBK |
||